=LDR 00000nam 2200000 4500 =001 INLIS000000000032185 =005 20130612134214 =008 ***********************************ind** =035 ##$$0010-061300000032185 =041 ##$$a ind =082 ##$$a 433.1 =090 ##$$a R. 433.1, Heu k =100 ##$$a Heuken SJ, Adolf =245 ##$$a Kamus Indonesia - Jerman, Indonesisch - Deutsch woterbuch ; mit der neuen deutschen rechtsehreibung, Adolf Heuken SJ =260 ##$$a 2007 $b Jakarta =300 ##$$a xxi, 642 hlm, 2007 =650 ##$$a Bahasa Jerman - Indonesia - Kamus =850 ##$$a NBPNMAT